[Event "Minsk op"]
[Site "Minsk"]
[Date "2015.07.15"]
[Round "1"]
[White "Vakhitau, Dzmitry"]
[Black "Teterev, Vitaly"]
[Result "0-1"]
[WhiteElo "1948"]
[BlackElo "2505"]
[PlyCount "72"]
[EventDate "2015.07.15"]
[EventType "swiss"]
[EventRounds "9"]
[EventCountry "BLR"]
[SourceTitle "CBM 167 Extra"]
[Source "ChessBase"]
[SourceDate "2015.09.14"]
[SourceVersion "1"]
[SourceVersionDate "2015.09.14"]
[SourceQuality "1"]

1. d4 Nf6 2. c4 g6 3. Nc3 Bg7 4. g3 0-0 5. Bg2 d6 6. Nf3 Nc6 7. 0-0 a6 8. b3 Rb8 9. Bb2 b5 10. cxb5 axb5 11. Qc2 Na5 12. Rad1 b4 13. Ne4 Nxe4 14. Qxe4 Bf5 15. Qf4 c5 16. e4 Bd7 17. e5 Bb5 18. Rfe1 c4 19. bxc4 Bxc4 20. a3 Bb3 21. Rc1 Nc4 22. Ba1 bxa3 23. Ng5 h6 24. Ne4 Nb2 25. Qe3 dxe5 26. d5 Qb6 27. Nc5 Rfd8 28. Rc3 Bxd5 29. Bxd5 Rxd5 30. Rb3 Qd8 31. Rxb8 Qxb8 32. Qxa3 Nc4 33. Na6 Qb5 34. Qa2 Rd2 35. Nc7 Qc5 36. Qa8+ Bf8 0-1